Система автоматизированного управления комплексом аппаратов фторирования и улавливания производства гексафторида урана; Становление и развитие научных исследований в высшей школе; Т. 1

Manylion Llyfryddiaeth
Parent link:Становление и развитие научных исследований в высшей школе: сборник трудов Международной научной конференции, посвященной 100-летию со дня рождения профессора А. А. Воробьева, Томск, 14-16 сентября 2009 г./ Российская академия наук (РАН) ; Ассоциация инженерного образования России (АИОР) ; Томский политехнический университет (ТПУ).— , 2009.— 978-598298-543-9
Т. 1.— 2009.— С. 224-230
Prif Awdur: Байдали С. А. Сергей Анатольевич
Awduron Eraill: Дядик В. Ф. Валерий Феодосиевич, Криницын Н. С. Николай Станиславович
Iaith:Rwseg
Cyhoeddwyd: 2009
Pynciau:
Fformat: Pennod Llyfr
KOHA link:https://koha.lib.tpu.ru/cgi-bin/koha/opac-detail.pl?biblionumber=194286

MARC

LEADER 00000naa2a2200000 4500
001 194286
005 20231031182307.0
035 |a (RuTPU)RU\TPU\book\211904 
090 |a 194286 
100 |a 20110411d2009 k y0rusy50 ca 
101 0 |a rus 
102 |a RU 
200 1 |a Система автоматизированного управления комплексом аппаратов фторирования и улавливания производства гексафторида урана  |f С. А. Байдали, В. Ф. Дядик, Н. С. Криницын 
320 |a Библиогр.: 5 назв. 
461 1 |0 (RuTPU)RU\TPU\book\209137  |y 978-598298-543-9  |t Становление и развитие научных исследований в высшей школе  |o сборник трудов Международной научной конференции, посвященной 100-летию со дня рождения профессора А. А. Воробьева, Томск, 14-16 сентября 2009 г.  |f Российская академия наук (РАН) ; Ассоциация инженерного образования России (АИОР) ; Томский политехнический университет (ТПУ)  |d 2009 
463 0 |0 (RuTPU)RU\TPU\book\208670  |y 978-5-98298-545-3  |t Т. 1  |v С. 224-230  |d 2009  |p 398 с. 
610 1 |a фторирование 
610 1 |a системы автоматизированного управления 
610 1 |a структурные схемы 
610 1 |a труды учёных ТПУ 
700 1 |a Байдали  |b С. А.  |c специалист в области автоматизации технологических процессов  |c ассистент Томского политехнического университета  |f 1984-  |g Сергей Анатольевич  |2 stltpush  |3 (RuTPU)RU\TPU\pers\25481 
701 1 |a Дядик  |b В. Ф.  |c российский ученый, специалист в области автоматизации технологических процессов  |c доцент Томского политехнического университета, кандидат технических наук  |f 1939-  |g Валерий Феодосиевич  |2 stltpush  |3 (RuTPU)RU\TPU\pers\25485 
701 1 |a Криницын  |b Н. С.  |c специалист в области электроники и автоматики физических установок  |c инженер-проектировщих Томского политехнического университета  |g Николай Станиславович  |2 stltpush  |3 (RuTPU)RU\TPU\pers\28155 
801 1 |a RU  |b 63413507  |c 20110411 
801 2 |a RU  |b 63413507  |c 20111103  |g RCR 
942 |c BK